00925nam a22002177a 4500999001700000003000900017008004100026040007100067082001800138110007900156245004300235260002800278300002700306505016600333650002900499650002100528650002000549942001800569945002000587952010000607 c14234d14234AR-CdUCM190422b ||||| |||| 00| 0 spa d aMUNICIPALIDAD PROVINCIAL DEL CUSCOcBIBLIOTECA MUNICIPAL DEL CUSCO a301.1 /bAN57 aComisión evangélica latino americana de educación cristiana 932829 aAnálisis de estructura y coyuntura / aLima :bCELADEC,c1979. a32 páginas ;c21 cm. aContenido : ¿Por que debemos analizar nuestra sociedad? -- ¿Que es una estructura social i que es una coyuntura? -- La estructura social nociones generales ... aEstructura social 92893 aCoyuntura932927 aSociologia9276 2ddccFOLLETOS arahd22/04/2019 002ddc4070aSHbSHcCARTd2019-04-22g20.00o301.1 / AN57pSH0000010912r2019-04-22yFOLLETOS